banner-ar

تقريب الوصول الى معرفة الرسول صلى الله عليه وسلم (Record no. 53456)

MARC details
000 -الفاتح
حقل البيانات ثابتة الطول 00417nam a2200133Ia 4500
008 - عناصر البيانات ثابتة الطول - معلومات عامة
حقل البيانات ثابتة الطول 140319s9999 xx 000 0 ara d
040 ## - مصدر الفهرسة
وكالة الفهرسة الأصلية GCL /
وكالة النسخ GCL
082 04 - رقم تصنيف ديوى العشرى
رقم التصنيف 239
رقم المادة ا ت
245 10 - بيان العنوان
العنوان تقريب الوصول الى معرفة الرسول صلى الله عليه وسلم
300 ## - الوصف المادى
التعداد 135 ص
490 ## - بيان السلسلة
عنوان السلسلة
260 ## - PUBLICATION, DISTRIBUTION, ETC. (IMPRINT)
-- [S.N] :
-- مكتبة الايمان للطبع والنشر والتوزيع
Holdings
حالة التراجع حالة الفقد حالة تلف ليس للاعارة المكان المؤقت الموقع الحالى تاريخ الاكتساب اجمالي اﻻعارات رقم الطلب الباركود تاريخ اخر مشاهدة تاريخ تفعيل السعر نوع وعاء كوها
        مكتبة القاهرة الكبرى مكتبة القاهرة الكبرى 03/26/2014   239\ا ت 128275 03/26/2014 03/26/2014 كتاب

Powered By

EGPV